007830000a22001810004500090001400000245010900014650002500123650001700148650001700165651007700182041001300259700002700272100004300299942001300342773007100355999001700426952015800443 aARb0168810aGuanentá- Alto Río Fonce Fauna and Flora Sanctuary: a new protected area in the Colombian east Andes14aAreas protegidas97814aFauna99259414aFlora992293 4lSantuario de Fauna y Flora Guanetá - Alto río FoncepColombia9927490 aInglés1 aRepizzo, Augusto942351 aAndrade Pérez, Germán Ignacio9869 cARTICULO1 tCotinga: Journal of the Neotropical Bird Club391h2q42-44d1990? c10768d10768 001040718HEMEROTECAaBogotabBogotad2015-02-27hFuera de circulaciónl0oAR 01688p012053r2015-03-25 00:00:00t1w2015-03-25xDonaciónyARTICULO